000 00859nmm a2200277 a 4500
001 ocm0002347689
003 TR-IsHL
005 20201028185230.0
008 190904s2019 tu tur
007 cr cn
020 _a9786056943126
035 _a2347689
_b(N$T)
050 0 4 _aPL248.M885
_bE7 2019
090 0 4 _aPL248.M885
_bE7 2019
100 1 _aMutlu, İbrahim
245 1 0 _aEsrarengiz cinayetler
_h[electronic resource] /
_cİbrahim Mutlu
250 _a1. Baskı
260 _aİstanbul :
_bParana Yayınları,
_c2019
300 _a335 p.
650 4 _aDil ve Edebiyat
650 4 _aLanguage and Literature
650 0 _aTürk romanı
650 0 _aTurkish fiction
650 7 _aLITERARY COLLECTIONS / Middle Eastern
_2bisacsh
856 4 0 _uhttp://search.ebscohost.com/login.aspx?direct=true&scope=site&db=e011xww&AN=2347689
999 _c21370
_d21370